000 00443cam a2200181ua 4500
020 _c4.00
041 _aeng
_h
082 _a518
_bNAR/MA
100 _aNarayanan, S .
245 _aMathematics for the engineering cours, Vol 2 /
_cS Narayanan.
_hTextual Documents
250 _a1 /
_b.
260 _aChennai :
_bS.Viswanathan ,
_c1963.
300 _a201 ; .
365 _a4.00
504 _a
942 _cBK
999 _c9901
_d9901